000 00659nam a2200241Ia 4500
003 OSt
005 20220918223856.0
006 a|||||r|||| 00| 0
007 ta
008 220917b |||||||| |||| 00| 0 eng d
024 _a225,482
037 _cTextual
040 _aARTS
_cARTS
_beng
041 _2eng
_aeng
082 _aRxN30:g, P5(RD)
100 _aDerrida Jacques
_917361
245 0 _aDissemination
260 _aLondon
_bContinuum
_c2005
300 _axxxv, 401p.
_ccm.
700 _a Johnson Barbara Tr.
_9146809
942 _hRxN30:g, P5(RD)
_cTEXL
_2CC
999 _c279648
_d279648